| 000 | 00707nam a2200205Ia 4500 | ||
|---|---|---|---|
| 003 | OSt | ||
| 005 | 20250828150344.0 | ||
| 008 | 210210b1995 xxu||||| |||| 00| 0 eng d | ||
| 040 | _cAL | ||
| 041 | _aKannada | ||
| 082 | _aK894.8 NIJA | ||
| 100 |
_aNIJAGUNA. _9140087 _dನಿಜಗುಣ |
||
| 245 |
_aNijagunara samagra kratigalu.Bhaga 1. _bನಿಜಗುಣರ ಸಮಗ್ರ ಕೃತಿಗಳು : ಭಾಗ ೧ |
||
| 260 |
_aBengaluru _bKannada mattu Samskrati Nirdeshanalaya _c1995 |
||
| 300 | _alx,480 | ||
| 650 |
_aPuratanara trividhi Kaivalya paddhati Paramanubhava Bodhe Paramartha Gite Anubhavasara _9140088 |
||
| 690 |
_aKannada Miscellaneous _9140089 |
||
| 906 | _a051587 | ||
| 942 |
_2ddc _cBK |
||
| 999 |
_c99835 _d99835 |
||